La poesía religiosa en México. Siglos XVI a XIX

Shranjeno v:
Bibliografske podrobnosti
Glavni avtor: García Gutierrez, Jesús
Format: Knjiga
Jezik:Undetermined
Izdano: México, Distrito Federal CVTVRA 1919
Teme:
Oznake: Označite
Brez oznak, prvi označite!

MARC

LEADER 00000nam a2200000Ia 4500
008 170316s9999 xx 000 0 und d
040 |a cru BVZT 
090 |a 860 G-11p 
100 |a García Gutierrez, Jesús 
245 |a La poesía religiosa en México. Siglos XVI a XIX 
260 |a México, Distrito Federal 
260 |b CVTVRA 
260 |c 1919 
300 |a 190 páginas 
650 |a LITERATURA LATINOAMERICANA 
999 |c 8686  |d 8686 
942 |c 15 D  |h 860 G-11p  |2 z